000 00956nam0a22002531 4500
001 rc\4748692
005 20260407012835.0
021 _aRU
_b[59-34867]
035 _a(NLR Aleph) 009009098
090 _a9355904
_c9355904
100 _a20130417d1959 |||y0rusy50 ca
101 1 _arus
_ccze
102 _aRU
105 _ay z |||||
200 1 _a[Бюллетень] о передовом опыте
_fМ-во здравоохранения Кирг. ССР. Респ. дом. санитар. просвещения
210 _aФрунзе
_cБ. и.
_d1959
215 _a20 с.
_d19
606 _aМедицинская помощь
_yКиргизская ССР
_2psbo
710 0 2 _aКиргизский республиканский дом санитарного просвещения
_cФрунзе
_9498647
_3RU\NLR\AUTH\8810000736
801 0 _aRU
_bNLR
_gpsbo
801 1 _aRU
_bELAR
_2rusmarc
852 _aNLR
_j59-4/10109
942 _cBOOK
980 _aNB